000 00824nam a2200241 a 4500
001 BRCA_4227
005 20190320204606.0
008 110610s1960----enk#######---#000-0#eng-#
041 _aeng
044 _aenk
050 4 _aD767.5
_b.Ch37 1960
100 1 _aChapman, F. Spencer
_910890
245 1 0 _aThe Jungle is Neutral
_cby F. Spencer Chapman ; with a foreword by Field Marshal Earl Wavell ; edited and abridged by Ingaret Giffard.
260 _aInglaterra
_bF. A. Thorpe, Glenfield, Leicestershire Ulverscroft
_c1960
300 _a209 p.
_c28 cm.
440 0 _aThe Ulverscroft large print series
_910891
500 _aAM39
650 1 4 _aGuerra Mundial
_y1939-1945
_zPeninsula de Malaya
_910892
700 1 _aEarl Wavell, Field Marshal
_910893
700 1 _aGiffard, Ingaret
_910894
902 _aGFM
942 _2lcc
_cB
999 _c3938
_d3938